| 000 | 00790 a2200205 4500 | ||
|---|---|---|---|
| 010 | _aENG-90094 | ||
| 020 |
_c470.00 _a8182201365 |
||
| 035 | _aEN-73627 | ||
| 037 | _bDBAD / PUB | ||
| 082 | 1 | 4 | _a320.11 |
| 090 |
_c12464 _d12464 |
||
| 100 | 1 | _aRousseau, Jean Jacques | |
| 245 | 1 |
_aDiscourse on the origin and the foundations of inequality among men/ _cby Jean Jacques Rousseau; edited by N. K. Singh |
|
| 260 |
_aNew Delhi _bGlobal Vision Publishing House _c2006 |
||
| 270 |
_aF-4, 1st Floor, `Hari Sadan' 20, Ansari Road, Daryaganj, _bNew Delhi _e110 002 _cDelhi _k32971125, |
||
| 300 |
_avi, 181p. _c23 cm ( Hb) |
||
| 500 | _aIncludes index. | ||
| 942 |
_adpl _cEN _k320.11 / ROU |
||
| 999 |
_c12107 _d12107 |
||